000 00380 a2200157 4500
001 180122
020 _a
040 _cMagnum
100 _aOrthof, Sylvia
240 1 0 _aZoiudo (o monstrinho que bebia colirio)
_lpor
245 1 0 _aZoiudo (o monstrinho que bebia colirio)
362 0 _a1899
440 1 _aNova Fronteira
697 _aMAGNITO: IJ/FADAS, FANTASIA
942 _cBK
999 _c180122
_d180122